Loading...

Documentation on china 1966-1969.

Bibliografiske detaljer
Hovedforfatter: Vimala Saran
Format: Printed Book
Udgivet: New Delhi : Jawaharlal Nehru University, 1969.
Fag:
LEADER 00442nam a22001217a 4500
082 |a 025.069 51  |b VIM/D 
100 |a Vimala Saran 
245 |a Documentation on china 1966-1969. 
260 |a New Delhi :  |b Jawaharlal Nehru University,  |c 1969. 
650 |a Documentation  |z China 
942 |c BK 
999 |c 101631  |d 101631 
952 |0 0  |1 0  |4 0  |6 025_069000000000000_51_VIM_D  |7 0  |9 95230  |a SSS  |b SSS  |c CAS  |d 2012-09-10  |l 0  |o 025.069 51 VIM/D  |p SSSMK1625  |r 2012-09-10  |w 2012-09-10  |y BK